Milon ḥadash Tsarefati ʻIvri, (Record no. 31418)

MARC details
000 -LEADER
fixed length control field 00715cam a22002411 4500
001 - CONTROL NUMBER
control field he 65001562
003 - CONTROL NUMBER IDENTIFIER
control field DLC
005 - DATE AND TIME OF LATEST TRANSACTION
control field 20260227111434.0
008 - FIXED-LENGTH DATA ELEMENTS--GENERAL INFORMATION
fixed length control field 881121s1965 is 000 0 hebr
010 ## - LIBRARY OF CONGRESS CONTROL NUMBER
LC control number he 65001562
035 ## - SYSTEM CONTROL NUMBER
System control number (OCoLC)18788698
040 ## - CATALOGING SOURCE
Original cataloging agency DLC
Transcribing agency CU
Modifying agency CU
-- DLC
041 0# - LANGUAGE CODE
Language code of text/sound track or separate title hebfre
042 ## - AUTHENTICATION CODE
Authentication code premarc
050 00 - LIBRARY OF CONGRESS CALL NUMBER
Classification number PJ4835.F5
Item number C6
100 1# - MAIN ENTRY--PERSONAL NAME
Personal name Cohn, Marc.
245 10 - TITLE STATEMENT
Title Milon ḥadash Tsarefati ʻIvri,
Statement of responsibility, etc. me-et Mordekhai M. Kohen.
260 ## - PUBLICATION, DISTRIBUTION, ETC.
Place of publication, distribution, etc. Yerushalayim,
Name of publisher, distributor, etc. Aḥiʼasaf
Date of publication, distribution, etc. [1965]
300 ## - PHYSICAL DESCRIPTION
Extent 759 p.
Dimensions 23 cm.
500 ## - GENERAL NOTE
General note Added t. p.: Nouveau dictionnaire français-hébreu.
650 #0 - SUBJECT ADDED ENTRY--TOPICAL TERM
Topical term or geographic name entry element French language
General subdivision Dictionaries
-- Hebrew.
740 0# - ADDED ENTRY--UNCONTROLLED RELATED/ANALYTICAL TITLE
Uncontrolled related/analytical title Nouveau dictionnaire français-hébreu.

No items available.

Powered by Koha